[Event "SRB Central-ch op-B 8th"]
[Site "Paracin"]
[Date "2015.07.10"]
[Round "9"]
[White "Gajic, Aleksa"]
[Black "Jakovljevic, Dejan"]
[Result "0-1"]
[WhiteElo "2024"]
[BlackElo "2006"]
[PlyCount "164"]
[EventDate "2015.07.03"]
[EventType "swiss"]
[EventRounds "9"]
[EventCountry "SRB"]
[SourceTitle "CBM 167 Extra"]
[Source "ChessBase"]
[SourceDate "2015.09.14"]
[SourceVersion "1"]
[SourceVersionDate "2015.09.14"]
[SourceQuality "1"]

1. d4 e6 2. c4 Bb4+ 3. Bd2 Bxd2+ 4. Qxd2 Nf6 5. Nc3 b6 6. e4 d6 7. Nf3 Bb7 8. Bd3 Nbd7 9. 0-0 0-0 10. Rfe1 Re8 11. Qg5 Nf8 12. Bc2 h6 13. Qe3 e5 14. d5 Ng6 15. Ba4 Rf8 16. Nd2 Nh5 17. g3 Qe7 18. Bd1 Nf6 19. Nf1 Nh7 20. Bg4 Rad8 21. Qd3 Qg5 22. Bf5 Nh4 23. Bxh7+ Kxh7 24. Qe3 Qg4 25. Nd2 Ng6 26. f3 Qd7 27. Qd3 f5 28. exf5 Rxf5 29. Rf1 Rdf8 30. Rf2 Qe7 31. Nce4 Bc8 32. Raf1 R5f7 33. Re1 Bf5 34. Qe3 Bh3 35. Qd3 Kh8 36. Qe3 Bf5 37. Nc3 Qd8 38. Nce4 Ne7 39. Nc3 Bg6 40. Nce4 Nf5 41. Qc3 Qd7 42. Ref1 Nd4 43. Qe3 Qh3 44. f4 Nf5 45. Qf3 Nd4 46. Qe3 Bh5 47. Nc3 Nc2 48. Qd3 Nd4 49. Qe4 Bg4 50. Qg2 Qh5 51. Qe4 Bf5 52. Qg2 Bh3 53. Qe4 Bxf1 54. Rxf1 Qf5 55. Qe3 Nc2 56. Qe2 Nd4 57. Qe3 Qh3 58. Rf2 Nc2 59. Qe4 Nd4 60. Qe3 Qg4 61. Kh1 Nc2 62. Qd3 Nb4 63. Qe2 Qxe2 64. Nxe2 Nxa2 65. Rf3 Nb4 66. Rb3 a5 67. Nf3 e4 68. Nh4 Kh7 69. Re3 Nd3 70. Kg1 Re8 71. Nd4 Nc5 72. f5 Nd3 73. Ne6 Nxb2 74. Rxe4 a4 75. g4 a3 76. Ng6 Ra8 77. Re1 a2 78. Ra1 Nxc4 79. h4 Ne3 80. g5 Rxf5 81. Ne7 Rf1+ 82. Kh2 Rxa1 0-1